00631nam a2200241 a 4500001001300000003000900013005001700022008004100039020001000080082001400090100002000104245001900124260003000143300000900173500003500182505001200217650001600229700002000245902000800265942000700273952009400280999001500374nice12345678IN_TiNIC20260116011826.0050524s1924 laha grc 000 0 49g  ac10000a239bGHU2 aGhulam Masih, P aTahqiqal Islam aLahorebNoor Afshanc1924 a130p aincludes index and biblioraphy2 aReserve aApologetics1 aGhulam Masih, P bRBA cPC 00104070aHMIbHMId2007-06-21g100.00l0o239 GHU2p7381r2007-06-21w2026-01-16yARB c4243d4243